| 000 | 01133nam a2200289 a 4500 | ||
|---|---|---|---|
| 001 | 000023831 | ||
| 005 | 20250908124813.0 | ||
| 008 | 110114s2008 dr a 000 0 spa d | ||
| 020 | _a9789945434019 | ||
| 040 |
_aDO-SdBNP _bspa _cBNPHU |
||
| 082 |
_a614.1 _bM827b |
||
| 100 | 1 |
_aMora, Wilfredo, _d1965- _912701 |
|
| 245 | 1 | 0 |
_aBreviario de medicina legal en la República Dominicana / _cWilfredo Mora García. |
| 260 |
_aSanto Domingo : _bSociedad Dominicana de Criminología, _c2008. |
||
| 300 |
_a479 p. : _bil. ; _c24 cm. |
||
| 490 | 1 |
_aPensamiento Criminológico Dominicano _v2 |
|
| 490 | 1 | _aInformes de Criminología y Ciencias Forenses | |
| 500 | _aIncluye notas al pie de las páginas. | ||
| 504 | _aBibliografía : p. 447-453 | ||
| 590 | _aInventariado, 2018/LP | ||
| 650 | 4 |
_aMedicina legal _zRepública Dominicana _920403 |
|
| 650 | 4 |
_aMedicina legal _xLegislación _zRepública Dominicana _949041 |
|
| 650 | 0 |
_aCiencias forenses _949042 |
|
| 830 | 0 |
_aPensamiento Criminológico Dominicano ; _n2 _949043 |
|
| 830 | 0 |
_aInformes de Criminología y Ciencias Forenses _949044 |
|
| 910 | _aValidado. Control de calidad MFF | ||
| 999 |
_c23327 _d23327 |
||